Genealogy of the new world nectar-feeding bats reexamined: a reply to griffiths (Registro nro. 10358)

Detalles MARC
000 -CABECERA
Campo de control 005470000a22001810004500
090 ## - CLASIFICACIÓN LOCAL
Colección AR
Consecutivo 01273
041 0# - IDIOMA
Código de idioma para texto/pista de sonido o título separado
100 1# - ASIENTO PRINCIPAL--NOMBRE PERSONAL
Nombre personal Smith, James Dale
245 10 - MENCION DE TITULO
Título Genealogy of the new world nectar-feeding bats reexamined: a reply to griffiths
650 14 - ASIENTO SECUNDARIO DE MATERIA - TERMINO TEMATICO
Término temático o nombre geográfico como elemento de entrada Cladística
650 14 - ASIENTO SECUNDARIO DE MATERIA - TERMINO TEMATICO
Término temático o nombre geográfico como elemento de entrada Sistemática animal
650 14 - ASIENTO SECUNDARIO DE MATERIA - TERMINO TEMATICO
Término temático o nombre geográfico como elemento de entrada Filogenética
650 14 - ASIENTO SECUNDARIO DE MATERIA - TERMINO TEMATICO
Término temático o nombre geográfico como elemento de entrada Murciélagos
653 ## - TERMINO DE INDIZACION - NO CONTROLADO
-- Phyllostomidae
700 1# - ASIENTO SECUNDARIO - NOMBRE PERSONAL
Nombre personal Hood, Graig S.
773 1# - Item fuente:
Título Systematic Zoology
Especificación de materiales 466
Descripción física 4
Paginas del Articulo 435-460
Lugar, editorial y fecha de publicación 1984
Información sobre la relación 33
942 ## - ELEMENTOS ADICIONALES (KOHA)
Tipo de ítem Artículo
Existencias
Withdrawn status Lost status Damaged status No para préstamo Colección Ubicación Permanente Ubicación actual Fecha de adquisición Fuente de Valor Datos de publicación Seriada Total Checkouts Número topográfico Inventario / Código de Barras Date last seen Ejemplar Price effective from Forma de adquisición Tipo de material
      No para Préstamo Hemeroteca Bogotá Bogotá 27/02/2015 Muñoz Saba, Yaneth Fuera de circulación   AR 01273 011611 25/03/2015 1 25/03/2015   Artículo